000 01308nam a2200361 i 4500
001 000026198
003 DO-SdBNP
005 20251030102853.0
007 ta
008 110304s1994 dr 000 0 spa d
040 _aDO-SdBNP
_bspa
_cBNPHU
_erda
041 _aspa
049 _aBNPD
082 4 _a342.068
_bR426L 1994
_222
110 1 _aRepública Dominicana.
_9447
240 1 0 _a[Leyes, etc.]
245 1 0 _aLey de servicio civil y carrera administrativa y su reglamento de aplicación.
264 1 _aSanto Domingo :
_bONAP,
_c1994.
300 _a116 páginas ;
_c21 cm.
336 _atexto
_btxt
_2rdacontent
337 _asin mediación
_bn
_2rdamedia
338 _avolumen
_bnc
_2rdacarrier
490 0 _aReforma del Estado
_v1
590 _aInventariado, 2025/BT
650 4 _aCarrera administrativa
_xLegislación
_zRepública Dominicana
_919981
650 4 _aDerecho administrativo
_xLegislación
_zRepública Dominicana
_914533
650 4 _aFunción pública
_zRepública Dominicana
_917764
650 4 _aAdministración pública
_xLegislación
_zRepública Dominicana
_919963
651 4 _aRepública Dominicana
_xLey 14-91
_919982
710 1 _aRepública Dominicana.
_bOficina Nacional de Administración y Personal
_926398
910 _aValidado. Control de calidad
942 _2ddc
_cLBS1
999 _c25690
_d25690